| 000 | 01868nam a22003137a 4500 | ||
|---|---|---|---|
| 001 | 8642 | ||
| 003 | FISKH | ||
| 005 | 20251007140916.0 | ||
| 008 | 251007b cb ||||| |||| 00| 0 eng d | ||
| 020 | _a9789996301100 | ||
| 040 |
_aFISKH _bkhr _cFISKH _dFISKH |
||
| 050 | _aPZ7 | ||
| 082 | _a895 | ||
| 100 | _aSotheary, Kimsun | ||
| 245 |
_aទា និង កង្កែប : _bDuck and frog / _cអ្នកស្រី គឹមស៊ុន សុធារី , |
||
| 260 |
_aPhnom Penh : _bReading Books , _c2010. |
||
| 300 |
_a16 pages : _bcolor illustrations ; _c25 cm . |
||
| 490 | _aពិភពរឿងនិទាន | ||
| 505 | _aJ | ||
| 520 | _aរឿងនេះមានបំនងអប់រំដល់ប្អូនៗកុមារអោយមានចិត្តក្លាហានពេលជួបឧបសគ្គ ។ ជាងនេះទៅទៀត សូមប្អូនៗកុំជឿតាមអ្នកដទៃ ចេះតែដើររហេតរហូត ឫនៅកន្លែងណាដែលយើងមិនធ្លាប់ស្គាល់វា អាចបណ្តាលអោយយើងជួបគ្រោះថ្នាក់ដោយប្រការណាមួយ ។ | ||
| 520 | _aThis story is designed to educate the children to be brave when they are encounter the obstacles. Moreover, it advises the children not to believe what other people said easily and travel to anywhere that they have not known before in order to avoid the danger . | ||
| 521 | 8 |
_a500
_bLexile estimate |
|
| 521 | 8 |
_aJ
_bRaz-Plus |
|
| 650 |
_aទានិងកង្កែប _vរឿងនិទានកុមារ |
||
| 650 |
_aDuck and frog _vChildren's Stories |
||
| 700 |
_aU, Mai _eIllustrator |
||
| 942 |
_2ddc _cKHB _n0 |
||
| 999 |
_c8642 _d8642 |
||